000 00231nam a22000857a 4500
008 161021b xxu||||| |||| 00| 0 eng d
100 _9912
_aTripp.V.
245 _aMolly Learns A Leason
260 _aAmerica
_bPleasent.com Publications
_c1986
999 _c3566
_d3566